El hombre y el trabajo (Record no. 143397)

MARC details
000 -LEADER
campo de control de longitud fija 00693nam a2200217 4500
001 - NÚMERO DE CONTROL
campo de control 143397
003 - IDENTIFICADOR DE NÚMERO DE CONTROL
campo de control ES-MaACL
005 - FECHA Y HORA DE LA ÚLTIMA TRANSACCIÓN
campo de control 20240208205219.0
007 - CAMPO FIJO DE DESCRIPCIÓN FÍSICA--INFORMACIÓN GENERAL
campo de control de longitud fija t|
008 - DATOS DE LONGITUD FIJA--INFORMACIÓN GENERAL
campo de control de longitud fija 070214s1978 sp r ||||1| spa d
100 1# - ENTRADA PRINCIPAL--NOMBRE DE PERSONA
Nombre de persona Serrano-Plaja, Arturo.
9 (RLIN) 105788
245 13 - MENCIÓN DEL TÍTULO
Título El hombre y el trabajo
Resto del título : poesía /
Mención de responsabilidad, etc. Arturo Serrano-Plaja ; introducción y notas, Francisco Caudet.
250 ## - MENCION DE EDICION
Mención de edición Ed. facs.
260 ## - PUBLICACIÓN, DISTRIBUCIÓN, ETC.
Lugar de publicación, distribución, etc. Madrid :
Nombre del editor, distribuidor, etc. Ed. de la Torre,
Fecha de publicación, distribución, etc. 1978 (
Fabricante Hijos de E. Minuesa)
300 ## - DESCRIPCIÓN FÍSICA
Extensión LXXIX, 175 p. ;
Dimensiones 18 cm.
655 #7 - TERMINO DE INDIZACIÓN--GENERO/FORMA
Fuente del término tgfbne
9 (RLIN) 226495
Datos o término principal de género/forma Facsímiles
700 1# - ENTRADA AGREGADA--NOMBRE PERSONAL
Nombre de persona Caudet, Francisco,
Fechas asociadas al nombre 1942-2021
9 (RLIN) 37104
852 ## - LOCALIZACIÓN
Ubicación ES-MaACL
Número de control de estantería A-8643
Sublocalización o colección R.97579
942 ## - ELEMENTOS DE ENTRADA SECUNDARIOS (KOHA)
Fuente del sistema de clasificación o colocación Clasificación decimal universal
Holdings
Estatus retirado Estado de pérdida Estado de daño No para préstamo Biblioteca de origen Biblioteca actual Ubicación en estantería Fecha de adquisición Fuente de adquisición Total de préstamos Signatura topográfica completa Código de barras Visto por última vez Precio de reemplazo Tipo de ítem Koha
        Biblioteca del Ateneo de Madrid Biblioteca del Ateneo de Madrid Depósito 1 17/01/2008     A-8643 1149192 23/02/2023 23/02/2023 Libro impreso